000 00927cam a2200277 a 4500
999 _c7475
_d7475
001 15421272
003 GZU
005 20210510160100.0
008 080821s2009 enk b 001 0 eng
010 _a 2008037205
020 _a9780273717645 (pbk. : alk. paper)
020 _a0273717642 (pbk. : alk. paper)
035 _a(OCoLC)ocn244339661
040 _aDLC
_cDLC
_dBWKUK
_dBWK
_dCDX
_dBTCTA
_dNLGGC
_dDLC
050 0 0 _aHF5635
_b.ATR 2009
100 1 _aAtrill, Peter.
_eauthor
245 1 0 _aFinancial management for decision makers /
_cPeter Atrill.
250 _a5th ed.
260 _aHarlow, England ;
_aNew York :
_bFT/Prentice Hall / Financial Times,
_c2009.
300 _axxi, 596 p. ;
_c27 cm.
504 _aIncludes bibliographical references and index.
650 0 _aAccounting.
650 0 _aDecision making.
906 _a7
_bcbc
_corignew
_d1
_eecip
_f20
_gy-gencatlg
942 _2lcc
_cBK
_e5th edition
_h5636
_iATR
_kHF